[Event "NED-ch U14 op"]
[Site "Borne"]
[Date "2019.08.09"]
[Round "7"]
[White "Van der Tuin, Tristan"]
[Black "Zaalmink, Bram"]
[Result "1/2-1/2"]
[WhiteElo "1238"]
[BlackElo "1367"]
[PlyCount "139"]
[EventDate "2019.08.05"]
[EventType "swiss"]
[EventRounds "9"]
[EventCountry "NED"]
[SourceTitle "EXT 2020"]
[Source "ChessBase"]
[SourceDate "2019.10.17"]
[SourceVersion "1"]
[SourceVersionDate "2019.10.17"]
[SourceQuality "1"]

1. d4 Nf6 2. Nf3 e6 3. Bf4 d5 4. e3 Bd6 5. Bxd6 Qxd6 6. a3 0-0 7. Bd3 b6 8. 0-0 Bb7 9. Nbd2 Nbd7 10. c4 c5 11. dxc5 Nxc5 12. Qe2 e5 13. Bf5 e4 14. Nd4 Nd3 15. Rab1 dxc4 16. Nxc4 Qd5 17. b3 g6 18. Bh3 Rad8 19. g3 Qh5 20. Qxh5 Nxh5 21. Bg2 Nc5 22. b4 Nd7 23. Nd6 Ba8 24. Nxe4 Ndf6 25. Nxf6+ Nxf6 26. Bxa8 Rxa8 27. Nc6 Ne4 28. Rbc1 Kg7 29. Rfd1 Nf6 30. Kg2 Rfc8 31. Kf3 Rc7 32. h4 Rac8 33. b5 h5 34. e4 Re8 35. e5 Ng4 36. a4 Rb7 37. Rd5 f6 38. exf6+ Nxf6 39. Rdd1 Rf7 40. Kg2 Ng4 41. Rc2 Ref8 42. Rdd2 Kh6 43. Nd4 Re8 44. Rc3 Re4 45. f3 Ne3+ 46. Kf2 Ng4+ 47. Kg1 Re1+ 48. Kg2 Nf6 49. Ra2 Rd7 50. Rd3 Rd5 51. a5 Rb1 52. axb6 axb6 53. Rb3 Rxb3 54. Nxb3 Rxb5 55. Nd4 Rb4 56. Nc6 Rb1 57. Kf2 b5 58. Re2 Rc1 59. Ne5 Rc7 60. g4 Kg7 61. g5 Nd7 62. Nxd7 Rxd7 63. Rb2 Rd5 64. Ke3 Kf7 65. Rb4 Ke6 66. f4 Kf5 67. Ke2 Kg4 68. Ke3 Kf5 69. Rb1 Ke6 70. Ke4 1/2-1/2